LEADER 00819nam2 22002772 450 001 000003828 005 20080219095902.0 010 $a88-02-05837-7 100 $a20020419d2002----km-y0itay50------ba 101 0 $aita 102 $aIT 200 1 $aDiritto delle società$fGian Franco Campobasso 205 $a5. ed. 210 $aTorino$cUTET$d2002 215 $aVol. 2: XXVI, 632 p.$d24 cm 225 2 $a<>sistema giuridico italiano 410 0$12001$a<>sistema giuridico italiano 461 0$1001000001354 610 1 $aSocietà commerciali$aDiritto 676 $a346.07 700 1$aCampobasso,$bGian Franco$0113005 801 0$aIT$bUNIPARTHENOPE$gRICA$2UNIMARC 912 $a000003828 951 $cNAVA1$a346-D/25 (II)$b35315$d20020422 996 $aDiritto delle società$937466 997 $aUNIPARTHENOPE LEADER 01268nam 2200325Ia 450 001 996386830103316 005 20200818220444.0 035 $a(CKB)4940000000081714 035 $a(EEBO)2240862384 035 $a(OCoLC)ocm14956534e 035 $a(OCoLC)14956534 035 $a(EXLCZ)994940000000081714 100 $a19861211d1662 uy | 101 0 $aeng 135 $aurbn||||a|bb| 200 10$aTwo speeches$b[electronic resource] $ethe one spoken by Sir Audley Mervin, speaker of the honourable House of Commons, upon the reception and return of James, Duke of Ormond, Lord-Lieutenant of Ireland, July 27, 1662 : the other at His Graces entrance into the Castle of Dublin by Mr. Norris Jephson 210 $aLondon $cPrinted for Samuel Speed ...$d1662 215 $a[2], 14 p 300 $a"Published by authority." 300 $aAll after p. 14 lacking. Best copy available for photographing. 300 $aReproduction of original in the Cambridge University Library. 330 $aeebo-0021 607 $aGreat Britain$xHistory$yCharles II, 1660-1685 700 $aMervyn$b Audley$cSir,$fd. 1675.$01004371 801 1$bEAF 801 2$bWaOLN 906 $aBOOK 912 $a996386830103316 996 $aTwo speeches$92351380 997 $aUNISA